[Event "CZE-chT2c 0405"]
[Site "Czech Republic"]
[Date "2005.03.06"]
[Round "9.8"]
[White "Dytrych, Pavel"]
[Black "Zedek, Alois"]
[Result "0-1"]
[WhiteElo "1770"]
[BlackElo "2143"]
[PlyCount "66"]
[EventDate "2004.10.17"]
[EventType "team"]
[EventRounds "11"]
[EventCountry "CZE"]
[SourceTitle "EXT 2007"]
[Source "ChessBase"]
[SourceDate "2006.11.23"]
[SourceVersion "1"]
[SourceVersionDate "2006.11.23"]
[SourceQuality "1"]
[WhiteTeam "Vrchlabi"]
[BlackTeam "Praha Praga"]
[WhiteTeamCountry "CZE"]
[BlackTeamCountry "CZE"]

1. c4 c6 2. d4 d5 3. cxd5 cxd5 4. Nc3 Nc6 5. Nf3 Nf6 6. e3 e6 7. Bd3 Be7 8. 0-0 0-0 9. Bd2 a6 10. Qb1 b5 11. b3 Bb7 12. Ne5 Nb4 13. f4 Nxd3 14. Qxd3 Ne4 15. Nxe4 dxe4 16. Qb1 f6 17. Ng4 Qd5 18. Bc3 Rfc8 19. Rc1 Bd6 20. a3 h5 21. Nf2 Rc6 22. Qb2 Rac8 23. Nd1 Bb8 24. Bd2 h4 25. Nc3 Qf5 26. h3 e5 27. fxe5 fxe5 28. Rf1 Qg5 29. d5 Rxc3 30. Bxc3 Qxe3+ 31. Kh1 Rxc3 32. Rae1 Qd4 33. Qe2 Qxd5 0-1

[Event "CZE-chT2c 0405"]
[Site "Czech Republic"]
[Date "2004.11.07"]
[Round "2.8"]
[White "Torvenyi, Roman"]
[Black "Zedek, Alois"]
[Result "0-1"]
[WhiteElo "2001"]
[BlackElo "2143"]
[PlyCount "52"]
[EventDate "2004.10.17"]
[EventType "team"]
[EventRounds "11"]
[EventCountry "CZE"]
[SourceTitle "EXT 2007"]
[Source "ChessBase"]
[SourceDate "2006.11.23"]
[SourceVersion "1"]
[SourceVersionDate "2006.11.23"]
[SourceQuality "1"]
[WhiteTeam "Synthesia II"]
[BlackTeam "Praha Praga"]
[WhiteTeamCountry "CZE"]
[BlackTeamCountry "CZE"]

1. d4 Nf6 2. Nf3 e6 3. e3 c5 4. Bd3 Nc6 5. c3 d5 6. Nbd2 Be7 7. 0-0 Qc7 8. Qc2 0-0 9. Re1 e5 10. dxe5 Nxe5 11. Bf5 Bd6 12. Nxe5 Bxe5 13. h3 Re8 14. c4 dxc4 15. Nxc4 Bh2+ 16. Kh1 b5 17. Bxc8 Raxc8 18. Na3 a6 19. Qf5 Ne4 20. Qf3 Bd6 21. Rd1 Qe7 22. Rb1 Qe5 23. g3 Qe6 24. Kh2 Qxa2 25. Bd2 b4 26. Nc4 Qxc4 0-1

[Event "CZE-chT2a 0001"]
[Site "Czech Republic"]
[Date "2001.??.??"]
[Round "6"]
[White "Roj, Miroslav"]
[Black "Zedek, Alois"]
[Result "1-0"]
[WhiteElo "2210"]
[BlackElo "2155"]
[PlyCount "69"]
[EventDate "2000.??.??"]
[EventType "team"]
[EventRounds "11"]
[EventCountry "CZE"]
[SourceTitle "EXT 2003"]
[Source "ChessBase"]
[SourceDate "2002.11.25"]
[SourceVersion "1"]
[SourceVersionDate "2002.11.25"]
[SourceQuality "1"]

1. d4 d5 2. Nf3 Nf6 3. Bg5 c6 4. e3 Bg4 5. Nbd2 Nbd7 6. Be2 h6 7. Bh4 e6 8. Ne5 Bxe2 9. Qxe2 Be7 10. f4 0-0 11. 0-0-0 c5 12. g4 cxd4 13. exd4 Rc8 14. Kb1 Qc7 15. Rc1 Nb6 16. Bxf6 Bxf6 17. h4 Bxe5 18. fxe5 Nc4 19. Rh3 Qb6 20. Nxc4 Rxc4 21. c3 Rfc8 22. Rc2 Qd8 23. Qf1 f6 24. Re2 R4c6 25. g5 fxg5 26. Rg2 Qf8 27. Rf3 Qe8 28. hxg5 Qg6+ 29. Ka1 hxg5 30. Qg1 Rf8 31. Rxg5 Qh6 32. Rg6 Qh7 33. Rfg3 Rf7 34. a3 Rc8 35. Qg2 1-0

[Event "Imperia op-A 42nd"]
[Site "Imperia"]
[Date "2000.09.08"]
[Round "6"]
[White "Schmitt, Thomas"]
[Black "Zedek, Alois"]
[Result "1-0"]
[WhiteElo "2223"]
[BlackElo "2157"]
[PlyCount "69"]
[EventDate "2000.09.03"]
[EventType "swiss"]
[EventRounds "9"]
[EventCountry "ITA"]
[SourceTitle "EXT 2001"]
[Source "ChessBase"]
[SourceDate "2000.11.22"]
[SourceVersion "1"]
[SourceVersionDate "2000.11.22"]
[SourceQuality "1"]

1. e4 c6 2. d4 d5 3. exd5 cxd5 4. Bd3 Nc6 5. c3 Nf6 6. Bf4 g6 7. Nf3 Bg7 8. 0-0 0-0 9. Nbd2 Nh5 10. Bg5 h6 11. Be3 Qd6 12. Re1 Nf4 13. Bc2 g5 14. Nf1 Bg4 15. h3 Bh5 16. Ng3 Bg6 17. Nf5 Qf6 18. Bxf4 Bxf5 19. Be5 Qg6 20. Bxf5 Qxf5 21. Bxg7 Kxg7 22. Ne5 e6 23. Ng4 Rac8 24. Re3 Qg6 25. Qe2 Rfe8 26. Rf3 f5 27. Ne5 Nxe5 28. Qxe5+ Qf6 29. Qe2 Qe7 30. Re3 Qf6 31. Re1 Re7 32. Rxe6 Rxe6 33. Qxe6 Qxe6 34. Rxe6 Rc7 35. Re5 1-0

[Event "CZE-chT2a 0001"]
[Site "Czech Republic"]
[Date "2000.??.??"]
[Round "5"]
[White "Folkova, Martina"]
[Black "Zedek, Alois"]
[Result "1-0"]
[WhiteElo "2155"]
[BlackElo "2155"]
[PlyCount "79"]
[EventDate "2000.??.??"]
[EventType "team"]
[EventRounds "11"]
[EventCountry "CZE"]
[SourceTitle "EXT 2003"]
[Source "ChessBase"]
[SourceDate "2002.11.25"]
[SourceVersion "1"]
[SourceVersionDate "2002.11.25"]
[SourceQuality "1"]

1. e4 c6 2. d4 d5 3. exd5 cxd5 4. c4 Nf6 5. Nc3 Nc6 6. cxd5 Nxd5 7. Bb5 e6 8. Nf3 Qa5 9. 0-0 Nxc3 10. Bxc6+ bxc6 11. bxc3 Bd6 12. Bd2 Ba6 13. c4 Qa3 14. Qc2 0-0 15. Ng5 g6 16. Rab1 Rab8 17. Ne4 Rxb1 18. Rxb1 Rb8 19. Rxb8+ Bxb8 20. Bc3 Bxc4 21. d5 e5 22. dxc6 Kg7 23. Bxe5+ Bxe5 24. Qxc4 Qe7 25. g3 h5 26. Qc5 Qc7 27. f4 Bb2 28. Nc3 Bxc3 29. Qxc3+ Kf8 30. Qc5+ Ke8 31. Kf2 Qe7 32. Qb5 Qc7 33. Kf3 Ke7 34. Ke4 Kd8 35. Kd5 Kc8 36. Qb7+ Qxb7 37. cxb7+ Kxb7 38. Kd6 Kb6 39. Ke7 f5 40. Kf6 1-0

[Event "Imperia op-A 41st"]
[Site "Imperia"]
[Date "1999.09.04"]
[Round "8.20"]
[White "Zedek, Alois"]
[Black "Hrbolka, Ladislav Jr"]
[Result "0-1"]
[WhiteElo "2157"]
[BlackElo "2099"]
[PlyCount "50"]
[EventDate "1999.08.29"]
[EventType "swiss"]
[EventRounds "9"]
[EventCountry "ITA"]
[SourceTitle "EXT 2024"]
[Source "ChessBase"]
[SourceDate "2023.10.10"]
[SourceVersion "1"]
[SourceVersionDate "2023.10.10"]
[SourceQuality "1"]

1. d4 Nf6 2. Nf3 g6 3. g3 Bg7 4. Bg2 0-0 5. c4 c5 6. Nc3 cxd4 7. Nxd4 Nc6 8. Nc2 d6 9. 0-0 Be6 10. b3 Qd7 11. Re1 Bh3 12. Bh1 Ng4 13. Bb2 Qf5 14. Bf3 Qa5 15. Qd2 Qb6 16. Bxg4 Bxg4 17. Nd5 Qd8 18. Bxg7 Kxg7 19. Qc3+ f6 20. Nce3 Bd7 21. Rad1 Rc8 22. h4 Ne5 23. Qd4 b6 24. Ng2 Rf7 25. e4 Nf3+ 0-1

[Event "Imperia op-A 41st"]
[Site "Imperia"]
[Date "1999.09.02"]
[Round "6.22"]
[White "Zedek, Alois"]
[Black "Malano, Francesco"]
[Result "1-0"]
[WhiteElo "2157"]
[BlackElo "2024"]
[PlyCount "77"]
[EventDate "1999.08.29"]
[EventType "swiss"]
[EventRounds "9"]
[EventCountry "ITA"]
[SourceTitle "EXT 2024"]
[Source "ChessBase"]
[SourceDate "2023.10.10"]
[SourceVersion "1"]
[SourceVersionDate "2023.10.10"]
[SourceQuality "1"]

1. d4 c5 2. c3 Nf6 3. Nf3 e6 4. Bg5 d5 5. Nbd2 Be7 6. e3 0-0 7. Bd3 b6 8. Ne5 Bb7 9. 0-0 Nbd7 10. f4 Ne4 11. Bxe7 Qxe7 12. Bxe4 dxe4 13. Qc2 f5 14. Nxd7 Qxd7 15. Nc4 cxd4 16. exd4 Rac8 17. Qb3 Qe7 18. Ne5 g5 19. fxg5 f4 20. g6 Rf5 21. Rae1 Rcf8 22. gxh7+ Kxh7 23. Qc2 Qg5 24. Rxe4 Bxe4 25. Qxe4 Kg7 26. Qb7+ Kg8 27. Nf3 Qg7 28. Qc6 R5f6 29. Re1 Qe7 30. Re5 Re8 31. Qe4 Rf5 32. h3 Rxe5 33. Qg6+ Kf8 34. Nxe5 Rc8 35. Qh6+ Ke8 36. Qxf4 Qf8 37. Qg4 Qe7 38. Qg8+ Qf8 39. Qxe6+ 1-0

[Event "Imperia op-A 41st"]
[Site "Imperia"]
[Date "1999.08.30"]
[Round "2.24"]
[White "Zedek, Alois"]
[Black "Cavatorta, Fosco"]
[Result "1-0"]
[WhiteElo "2157"]
[BlackElo "2066"]
[PlyCount "61"]
[EventDate "1999.08.29"]
[EventType "swiss"]
[EventRounds "9"]
[EventCountry "ITA"]
[SourceTitle "EXT 2024"]
[Source "ChessBase"]
[SourceDate "2023.10.10"]
[SourceVersion "1"]
[SourceVersionDate "2023.10.10"]
[SourceQuality "1"]

1. d4 Nc6 2. Nf3 d5 3. c4 Bg4 4. cxd5 Bxf3 5. gxf3 Qxd5 6. e3 e6 7. Nc3 Qh5 8. Bg2 Nge7 9. f4 Qh4 10. Bd2 g5 11. fxg5 Qxg5 12. Rg1 0-0-0 13. Qf3 h5 14. 0-0-0 f5 15. Qe2 Qf6 16. Bf3 h4 17. Qc4 Bh6 18. Na4 Nd5 19. Nc5 Rd6 20. Kb1 Nb6 21. Qb3 Qe7 22. Rg6 e5 23. Rxd6 cxd6 24. Na4 Nxa4 25. Qxa4 e4 26. Bg2 Qd7 27. Bh3 Rd8 28. d5 Ne7 29. Qxa7 Qb5 30. Ba5 Bg7 31. Qa8+ 1-0

[Event "CZE-chT2"]
[Site "Czech Republic"]
[Date "1999.??.??"]
[Round "?"]
[White "Zedek, Alois"]
[Black "Snajdr, Tomas"]
[Result "1/2-1/2"]
[WhiteElo "2168"]
[BlackElo "2068"]
[PlyCount "48"]
[EventDate "1999.??.??"]
[EventType "team"]
[EventRounds "11"]
[EventCountry "CZE"]
[SourceTitle "EXT 2003"]
[Source "ChessBase"]
[SourceDate "2002.11.25"]
[SourceVersion "1"]
[SourceVersionDate "2002.11.25"]
[SourceQuality "1"]

1. d4 d5 2. c4 c6 3. Nc3 Nf6 4. Nf3 e6 5. Bg5 Be7 6. e3 Nbd7 7. Qc2 h6 8. Bh4 dxc4 9. Bxc4 Nd5 10. Bg3 Nxc3 11. bxc3 Nf6 12. 0-0 0-0 13. h3 Qa5 14. a4 c5 15. e4 cxd4 16. cxd4 Bd7 17. Ne5 Rfc8 18. Qb3 Qb4 19. Qa2 Be8 20. Rfb1 Qc3 21. Rxb7 Nxe4 22. Bxe6 Nxg3 23. Rxe7 Qc1+ 24. Rxc1 Rxc1+ 1/2-1/2

[Event "CZE-chT1a 9697"]
[Site "Czech Republic"]
[Date "1997.??.??"]
[Round "?"]
[White "Eretova, Jana"]
[Black "Zedek, Alois"]
[Result "1/2-1/2"]
[WhiteElo "2115"]
[BlackElo "2235"]
[PlyCount "38"]
[EventDate "1996.??.??"]
[EventType "team"]
[EventRounds "11"]
[EventCountry "CZE"]
[SourceTitle "EXT 1998"]
[Source "ChessBase"]
[SourceDate "1997.11.17"]
[SourceVersion "1"]
[SourceVersionDate "1997.11.17"]
[SourceQuality "1"]

1. e4 c5 2. Nc3 Nc6 3. g3 e6 4. Bg2 Nf6 5. d3 Be7 6. Nge2 d5 7. exd5 Nxd5 8. 0-0 Nxc3 9. Nxc3 0-0 10. Be3 Qd7 11. Ne4 b6 12. c3 Bb7 13. Qc2 f5 14. Nd2 Rad8 15. Qa4 Bf6 16. Rad1 e5 17. Qb3+ Kh8 18. Nc4 Qc7 19. f4 exf4 1/2-1/2

[Event "CZE-chT1a 9697"]
[Site "Czech Republic"]
[Date "1997.??.??"]
[Round "?"]
[White "Gschwendtner, Stanislav"]
[Black "Zedek, Alois"]
[Result "0-1"]
[WhiteElo "2235"]
[BlackElo "2235"]
[PlyCount "66"]
[EventDate "1996.??.??"]
[EventType "team"]
[EventRounds "11"]
[EventCountry "CZE"]
[SourceTitle "EXT 1998"]
[Source "ChessBase"]
[SourceDate "1997.11.17"]
[SourceVersion "1"]
[SourceVersionDate "1997.11.17"]
[SourceQuality "1"]

1. c4 e5 2. Nc3 Nc6 3. g3 g6 4. Bg2 Bg7 5. d3 Nge7 6. h4 h5 7. e3 d6 8. Nge2 Bg4 9. Qa4 0-0 10. Bd2 a6 11. Rb1 Bd7 12. Qc2 Nb4 13. Qd1 Nxd3+ 14. Kf1 Bc6 15. Nd5 Nc5 16. b4 Ne6 17. Nec3 Nf5 18. Ne4 Bd7 19. g4 hxg4 20. Ng5 c6 21. Nc3 Nxg5 22. hxg5 Be6 23. Kg1 g3 24. Qg4 gxf2+ 25. Kxf2 Nxe3 26. Qh4 Ng4+ 27. Ke1 f5 28. Qh7+ Kf7 29. Rh6 Nxh6 30. gxh6 Qh4+ 31. Kf1 Rg8 32. Re1 Bxc4+ 33. Kg1 Qd4+ 0-1

[Event "CZE-chT1a 9697"]
[Site "Czech Republic"]
[Date "1997.??.??"]
[Round "?"]
[White "Zedek, Alois"]
[Black "Kansky, Pavel"]
[Result "0-1"]
[WhiteElo "2235"]
[BlackElo "2110"]
[PlyCount "78"]
[EventDate "1996.??.??"]
[EventType "team"]
[EventRounds "11"]
[EventCountry "CZE"]
[SourceTitle "EXT 1998"]
[Source "ChessBase"]
[SourceDate "1997.11.17"]
[SourceVersion "1"]
[SourceVersionDate "1997.11.17"]
[SourceQuality "1"]

1. c4 Nf6 2. Nf3 c5 3. Nc3 Nc6 4. d4 cxd4 5. Nxd4 g6 6. e4 Bg7 7. Be2 Nxe4 8. Be3 Nxc3 9. bxc3 0-0 10. 0-0 d6 11. Rb1 Na5 12. f4 b6 13. f5 Bb7 14. Bg5 Rc8 15. Rb4 Nc6 16. Ra4 a5 17. h4 Qd7 18. f6 exf6 19. Be3 Rfe8 20. Bf2 Nxd4 21. Bxd4 Rxe2 22. Qxe2 Qxa4 23. Bxb6 Qxc4 24. Qxc4 Rxc4 25. Bxa5 Ra4 26. Bb4 Rxa2 27. Re1 Bf8 28. Re8 Ra8 29. Re2 d5 30. g4 Bxb4 31. cxb4 d4 32. Rd2 Rd8 33. Kf2 Be4 34. h5 h6 35. b5 f5 36. Kg3 fxg4 37. hxg6 f5 38. Kh4 Kg7 39. Kh5 g3 0-1

[Event "CZE-chT2a 9596"]
[Site "Czech Republic"]
[Date "1996.??.??"]
[Round "?"]
[White "Jedlicka, Ales"]
[Black "Zedek, Alois"]
[Result "1-0"]
[WhiteElo "2190"]
[BlackElo "2270"]
[PlyCount "49"]
[EventDate "1995.??.??"]
[EventType "team"]
[EventRounds "11"]
[EventCountry "CZE"]
[SourceTitle "EXT 2000"]
[Source "ChessBase"]
[SourceDate "1999.11.16"]
[SourceVersion "1"]
[SourceVersionDate "1999.11.16"]
[SourceQuality "1"]

1. d4 Nf6 2. c4 e6 3. g3 c5 4. d5 e5 5. Nc3 d6 6. e4 Be7 7. Bh3 0-0 8. Bxc8 Qxc8 9. Qe2 a6 10. Nf3 Nbd7 11. 0-0 Re8 12. a4 Nf8 13. Nh4 g6 14. Kg2 Nh5 15. Nf5 gxf5 16. Qxh5 fxe4 17. Nxe4 f5 18. Ng5 Bxg5 19. Qxg5+ Ng6 20. h4 Kf7 21. Qh6 Rh8 22. h5 Ne7 23. Qxd6 e4 24. Bg5 Qf8 25. Qe6+ 1-0

[Event "Imperia op 38th"]
[Site "Imperia"]
[Date "1996.??.??"]
[Round "2"]
[White "Mollero, Michele"]
[Black "Zedek, Alois"]
[Result "0-1"]
[WhiteElo "2030"]
[BlackElo "2275"]
[PlyCount "44"]
[EventDate "1996.??.??"]
[EventType "swiss"]
[EventRounds "9"]
[EventCountry "ITA"]
[SourceTitle "EXT 1999"]
[Source "ChessBase"]
[SourceDate "1998.11.16"]
[SourceVersion "1"]
[SourceVersionDate "1998.11.16"]
[SourceQuality "1"]

1. e4 c5 2. f4 Nc6 3. Nf3 e6 4. Nc3 Nge7 5. g3 d5 6. d3 b6 7. Bg2 dxe4 8. Nxe4 Bb7 9. Ne5 Rb8 10. 0-0 Nd5 11. Ng5 f6 12. Nxe6 Qd6 13. Nxc6 Bxc6 14. Re1 Kf7 15. Nxf8 Rhxf8 16. Bd2 Kg8 17. Qe2 Rbe8 18. Qf2 Nc7 19. f5 Bxg2 20. Bf4 Qd7 21. Kxg2 Nb5 22. g4 Nd4 0-1

[Event "CZE-chT2a 9596"]
[Site "Czech Republic"]
[Date "1996.??.??"]
[Round "?"]
[White "Petras, Milan"]
[Black "Zedek, Alois"]
[Result "1/2-1/2"]
[WhiteElo "2215"]
[BlackElo "2270"]
[PlyCount "21"]
[EventDate "1995.??.??"]
[EventType "team"]
[EventRounds "11"]
[EventCountry "CZE"]
[SourceTitle "EXT 2000"]
[Source "ChessBase"]
[SourceDate "1999.11.16"]
[SourceVersion "1"]
[SourceVersionDate "1999.11.16"]
[SourceQuality "1"]

1. d4 Nf6 2. c4 e6 3. Nc3 Bb4 4. Qc2 c5 5. e3 Nc6 6. Nf3 0-0 7. Be2 d5 8. dxc5 Bxc5 9. 0-0 dxc4 10. Bxc4 a6 11. Rd1 1/2-1/2

[Event "Imperia op 38th"]
[Site "Imperia"]
[Date "1996.??.??"]
[Round "4"]
[White "Vasicek, Martin"]
[Black "Zedek, Alois"]
[Result "0-1"]
[WhiteElo "2125"]
[BlackElo "2275"]
[PlyCount "80"]
[EventDate "1996.??.??"]
[EventType "swiss"]
[EventRounds "9"]
[EventCountry "ITA"]
[SourceTitle "EXT 1999"]
[Source "ChessBase"]
[SourceDate "1998.11.16"]
[SourceVersion "1"]
[SourceVersionDate "1998.11.16"]
[SourceQuality "1"]

1. d4 Nf6 2. Nf3 d5 3. Bf4 e6 4. Nbd2 Be7 5. e3 Nbd7 6. Bd3 c5 7. c3 0-0 8. Ne5 Re8 9. h4 Nf8 10. h5 Qb6 11. Rb1 Bd7 12. Rh3 Bb5 13. Bc2 Ne4 14. Nxe4 dxe4 15. Rg3 f5 16. Bh6 Bf6 17. Bxg7 Bxg7 18. h6 Re7 19. Qh5 Qc7 20. Qg5 cxd4 21. exd4 Rd8 22. Bb3 Be8 23. hxg7 Rxg7 24. Qxf5 Rxg3 25. Bxe6+ Kg7 26. fxg3 Bg6 27. Qg4 e3 28. Nxg6 hxg6 29. Ke2 Qb6 30. d5 Nxe6 31. Qxe6 Qb5+ 32. Ke1 Rf8 33. Qe5+ Rf6 34. c4 Qxc4 35. Qe7+ Rf7 36. Qe5+ Kh7 37. Qxe3 Qf1+ 38. Kd2 Qxb1 39. Qd4 Qf5 40. Qh4+ Kg8 0-1

[Event "CZE-chT2a 9596"]
[Site "Czech Republic"]
[Date "1996.??.??"]
[Round "?"]
[White "Znamenacek, Kvetoslav"]
[Black "Zedek, Alois"]
[Result "1-0"]
[WhiteElo "2300"]
[BlackElo "2270"]
[PlyCount "79"]
[EventDate "1995.??.??"]
[EventType "team"]
[EventRounds "11"]
[EventCountry "CZE"]
[SourceTitle "EXT 2000"]
[Source "ChessBase"]
[SourceDate "1999.11.16"]
[SourceVersion "1"]
[SourceVersionDate "1999.11.16"]
[SourceQuality "1"]

1. Nf3 Nf6 2. Nc3 d5 3. e3 Bg4 4. h3 Bh5 5. g4 Bg6 6. Bg2 e6 7. b3 Nbd7 8. Bb2 h6 9. d3 c6 10. Qe2 Qa5 11. a3 Be7 12. Nd2 0-0 13. f4 Qc7 14. 0-0 Bd6 15. Kh1 Rfe8 16. Qf2 Rad8 17. Rac1 a6 18. Ne2 b5 19. Nf3 c5 20. Nh4 Nf8 21. Bxf6 gxf6 22. f5 exf5 23. gxf5 Bh5 24. Bxd5 Bxe2 25. Qxe2 Nh7 26. Ng2 Qe7 27. e4 Kh8 28. Ne3 Rg8 29. Ng4 Bb8 30. c4 Qf8 31. Rg1 Rg5 32. Rcf1 Rh5 33. Nf2 Qd6 34. Rg2 Rh4 35. e5 fxe5 36. Ne4 Rxh3+ 37. Rh2 Rxh2+ 38. Qxh2 Qf8 39. Rg1 bxc4 40. bxc4 1-0